| 000 | 00783nam a2200181 a 4500 | ||
|---|---|---|---|
| 008 | 160608s2008 ||||||||||||||||| || u | ||
| 020 | _a9781420045895 | ||
| 050 | _aTK 454 Sab | ||
| 100 | _aSabah, Nassir H | ||
| 245 | 1 | 0 |
_aElectric circuits and signals _cBy Nassir H. Sabah |
| 260 |
_aBoca Raton _bCRC Press _c2008 |
||
| 300 | _axxxv, 859p.: ill. | ||
| 350 | _a139.95 | ||
| 500 | _aAccompanied by a CD-ROM | ||
| 650 | _aELECTRIC CIRCUITS--TEXTBOOKS | ||
| 995 |
_aMAIN LIBRARY OPEN ACCESS _e745945 _FCBU-MAIN LIBRARY (Kitwe) _I139.95 _jTK 454 Sab _M1 _UAVAILABLE _WJun 9, 2016 _y745945 _ZMain Library Open Access Collection |
||
| 995 |
_aMAIN LIBRARY OPEN ACCESS _e746064 _FCBU-MAIN LIBRARY (Kitwe) _I139.95 _jTK 454 Sab _M2 _UAVAILABLE _WJun 9, 2016 _y746064 _ZMain Library Open Access Collection |
||
| 999 |
_c75786 _d75786 |
||